000
00289nam a2200133Ia 4500
100
_a
Fowlar.
650
_a
General
942
_c
BK
654
_a
General
245
_a
The concise oxford dictionary.
260
_b
Oxford & IBH publishing co.
_c
2001
082
_a
423
546
_a
ENGLISH
999
_c
31451
_d
31451